Central Library OPAC University of Rajshahi

Philosophical explorations / (Record no. 959)

MARC details
000 -LEADER
fixed length control field 00875cam a2200277 a 4500
001 - CONTROL NUMBER
control field 959
003 - CONTROL NUMBER IDENTIFIER
rucl marc code BD-RjUL
005 - DATE AND TIME OF LATEST TRANSACTION
control field 20211208233245.0
008 - FIXED-LENGTH DATA ELEMENTS--GENERAL INFORMATION
fixed length control field 131124s1975 njua b 001 0 eng
020 ## - INTERNATIONAL STANDARD BOOK NUMBER
International Standard Book Number 0382182197
035 ## - SYSTEM CONTROL NUMBER
System control number (BD-RjUL)981
040 ## - CATALOGING SOURCE
Original cataloging agency DLC
Transcribing agency DLC
Modifying agency DLC
-- BD-RjUL
Language of cataloging eng
041 ## - LANGUAGE CODE
Language code of text/sound track or separate title eng
082 00 - DEWEY DECIMAL CLASSIFICATION NUMBER
Classification number 108
Edition number 16
Author mark and year PHI 1975
245 00 - TITLE STATEMENT
Title Philosophical explorations /
Statement of responsibility, etc. [compiled by] Peter A. French.
260 ## - PUBLICATION, DISTRIBUTION, ETC. (IMPRINT)
Place of publication, distribution, etc. Morristown, N.J. :
Name of publisher, distributor, etc. General Learning Press,
Date of publication, distribution, etc. c1975.
300 ## - PHYSICAL DESCRIPTION
Pagination xi, 777 p. :
Illustrations ill. (some col.) ;
Size 23 cm.
500 ## - GENERAL NOTE
General note "A major revision of the original book Exploring philosophy."
504 ## - BIBLIOGRAPHY, ETC. NOTE
Bibliography, etc Includes bibliographies and index.
650 #0 - SUBJECT ADDED ENTRY--TOPICAL TERM
Topical term or geographic name as entry element Philosophy.
9 (RLIN) 2837
700 1# - ADDED ENTRY--PERSONAL NAME
Personal name French, Peter A.
Personal name French, Peter A.,
Relator term comp.
942 ## - ADDED ENTRY ELEMENTS (KOHA)
Source of classification or shelving scheme Dewey Decimal Classification
Koha item type Books
Holdings
Lost status Source of classification or shelving scheme Damaged status Not for loan Collection code Permanent Location Current Location Shelving location Date acquired Source of acquisition Total Checkouts Full call number Date last seen Copy number Koha item type
  Dewey Decimal Classification   Not For Loan Non-fiction Central Library, University of Rajshahi Central Library, University of Rajshahi Reading Room 27/07/1987 The Asia Foundation   108 PHI 1975 24/11/2013 C-1 Books